Macrosociology : (Record no. 9145)

MARC details
000 -LEADER
fixed length control field 00912pam a2200265 a 4500
001 - CONTROL NUMBER
control field 3416162
003 - CONTROL NUMBER IDENTIFIER
control field OSt
005 - DATE AND TIME OF LATEST TRANSACTION
control field 20240710112414.0
008 - FIXED-LENGTH DATA ELEMENTS--GENERAL INFORMATION
fixed length control field 900330s1991 nyua b 001 0 eng
010 ## - LIBRARY OF CONGRESS CONTROL NUMBER
LC control number 90035676
020 ## - INTERNATIONAL STANDARD BOOK NUMBER
International Standard Book Number 0060457147
040 ## - CATALOGING SOURCE
Transcribing agency must
050 00 - LIBRARY OF CONGRESS CALL NUMBER
Classification number HM51
Item number .S26 1991
082 00 - DEWEY DECIMAL CLASSIFICATION NUMBER
Classification number 301 SAN 1991
Edition number 20
100 1# - MAIN ENTRY--PERSONAL NAME
Personal name Sanderson, Stephen K.
9 (RLIN) 18629
245 10 - TITLE STATEMENT
Title Macrosociology :
Remainder of title an introduction to human societies /
Statement of responsibility, etc. Stephen K. Sanderson.
250 ## - EDITION STATEMENT
Edition statement 2nd ed.
260 ## - PUBLICATION, DISTRIBUTION, ETC. (IMPRINT)
Place of publication, distribution, etc. New York :
Name of publisher, distributor, etc. HarperCollins,
Date of publication, distribution, etc. c1991.
300 ## - PHYSICAL DESCRIPTION
Extent xxii, 565 p. :
Other physical details ill. ;
Dimensions 24 cm.
504 ## - BIBLIOGRAPHY, ETC. NOTE
Bibliography, etc Includes bibliographical references (p. 517-540) and indexes.
650 #0 - SUBJECT ADDED ENTRY--TOPICAL TERM
Topical term or geographic name as entry element Macrosociology.
9 (RLIN) 18630
906 ## - LOCAL DATA ELEMENT F, LDF (RLIN)
a 7
b cbc
c orignew
d 1
e ocip
f 19
g y-gencatlg
942 ## - ADDED ENTRY ELEMENTS (KOHA)
Source of classification or shelving scheme Dewey Decimal Classification
Koha item type Open Shelf
Holdings
Withdrawn status Lost status Source of classification or shelving scheme Damaged status Not for loan Home library Current library Date acquired Source of acquisition Inventory number Total Checkouts Full call number Barcode Date last seen Price effective from Koha item type
    Dewey Decimal Classification     MUST Main Library MUST Main Library 10/07/2024 purchase 2001/15592   301 SAN 1991 2024-21910 10/07/2024 10/07/2024 Open Shelf